000 01722nam a2200529 i 4500
001 1449
003 KOSZ 005
005 20200430105222.0
008 000320s1979 pl a f f |001 0 pol
015 _aUWD 1980/1701
020 _a8320400406
035 _a991013273419705066
035 _a(PL-WaBN)b13579575-48omnis_nlop
035 _ab13579575
035 _a(OCoLC)830948674
035 _a(PL)b0000001357957
035 _a(EXLNZ-48OMNIS_NETWORK)9910398919705606
040 _aWA N
_cWA N
_dKOSZ 005/HR
041 0 _apol
080 _a621.1.01
080 _a536.7
080 _a531.3
080 _a541.12
080 _a(075.8)
100 1 _aPohorecki, Ryszard
_d(1936- )
_eAutor
245 1 0 _aKinetyka i termodynamika procesów inżynierii chemicznej /
_cRyszard Pohorecki, Stanisław Wroński.
250 _aWyd. 1, dodr.
260 _aWarszawa :
_bWydawnictwa Naukowo-Techniczne,
_c1979.
300 _a542, [2] s. :
_bil., tab., wykr. ;
_c24 cm.
336 _aTekst
_btxt
_2rdacontent
337 _aBez urządzenia pośredniczącego
_bn
_2rdamedia
338 _aWolumin
_bnc
_2rdacarrier
380 _aKsiążki
380 _aPublikacje dydaktyczne
385 _mPoziom nauczania
_aSzkoły wyzsze
388 _a1901-2000
388 _a1945-1989
504 _aBibliogr. przy rozdz. - Indeks.
650 7 _aKinetyka chemiczna
_2DBN
650 7 _aMechanika
_2DBN
655 7 _aPodręczniki akademickie
_2DBN
658 _aInżynieria i technika
700 1 _aWroński, Stanisław
_d(1929-2018)
_eAutor
856 _uhttp://koha.tu.koszalin.pl/cgi-bin/koha/opac-detail.pl?biblionumber=1449
_zKatalog online BPK
942 _2UKD
_cKS
999 _c1449
_d1449